| 000 | 00581nam a2200097Ia 4500 | ||
|---|---|---|---|
| 005 | 20250424112846.0 | ||
| 008 | 250424s9999 xx 000 0 und d | ||
| 300 | _a82 p. :ill. ; 28 cm. | ||
| 650 | _a Imaging systems in medicine--Congresses. Imaging systems in biology--Congresses. Optical tomography--Congresses. Biosensors--Congresses. Diagnostic imaging--Congresses. Lasers in biology--Congresses. Lasers in medicine--Congresses. Diagnostic Imaging--methods--Congresses. Biosensing Techniques--Congresses. Laser Therapy--Congresses. Optics and Photonics--Congresses. | ||
| 942 | _cSR | ||
| 999 |
_c37539 _d37539 |
||